Countries by Smaller Neighbour Chain in 90 Seconds - Whammies - Statistics

General Stats
  • This quiz has been taken 151 times
    127 since last reset
  • The average score is 80 of 157
Answers on the Map
Answers color-coded by a green-red scale on the quiz's map according to % correct below.
 
Answer Stats
Country % Correct
Brazil
99%
France
99%
Russia
97%
Algeria
96%
China
94%
Libya
94%
Sudan
94%
Chad
93%
Niger
93%
India
90%
Mali
87%
Germany
85%
Peru
85%
Ukraine
85%
Canada
84%
Iran
84%
Mauritania
84%
Italy
82%
United States
82%
D. R. Congo
79%
Romania
78%
South Africa
78%
Argentina
76%
Colombia
76%
Mexico
76%
Morocco
76%
Turkey
76%
Spain
75%
Central African Republic
74%
Hungary
74%
Myanmar
74%
Saudi Arabia
74%
Thailand
72%
Angola
71%
Nigeria
71%
Bolivia
69%
Tanzania
69%
Nicaragua
68%
Austria
66%
Côte d'Ivoire
66%
Ethiopia
66%
Somalia
66%
Greece
63%
Honduras
63%
Guatemala
62%
Bulgaria
60%
Cameroon
60%
Indonesia
60%
Serbia
60%
Poland
59%
Rep. of the Congo
59%
Mozambique
57%
Pakistan
57%
Vietnam
57%
Afghanistan
56%
Iraq
56%
Laos
56%
Panama
56%
United Kingdom
56%
Vatican City
56%
Burkina Faso
54%
Chile
54%
Croatia
54%
Kazakhstan
54%
Venezuela
54%
Kenya
53%
South Sudan
53%
Guinea
51%
Paraguay
51%
Yemen
51%
Albania
50%
Ghana
50%
Guyana
50%
Oman
50%
Turkmenistan
50%
Uzbekistan
50%
Lesotho
49%
Benin
47%
Bosnia and Herzegovina
47%
Burundi
47%
Egypt
47%
Kyrgyzstan
47%
Malaysia
47%
Montenegro
47%
Namibia
47%
United Arab Emirates
47%
Uruguay
47%
Gabon
46%
Macedonia
46%
Zambia
46%
Netherlands
44%
Switzerland
44%
Syria
44%
Uganda
44%
Kosovo
43%
Togo
43%
Belarus
41%
Belize
41%
Bhutan
41%
Ecuador
41%
Senegal
41%
Belgium
40%
Brunei
40%
Ireland
40%
Israel
40%
Jordan
40%
Liechtenstein
40%
Lithuania
40%
El Salvador
38%
Eswatini
38%
Dominican Republic
37%
Haiti
37%
Luxembourg
37%
Suriname
37%
Cambodia
35%
Latvia
35%
Nepal
35%
Rwanda
35%
Estonia
34%
Gambia
34%
Czech Republic
32%
Eritrea
32%
Malawi
31%
Qatar
31%
Kuwait
29%
North Korea
29%
Sweden
29%
Tajikistan
29%
Djibouti
28%
Equatorial Guinea
28%
Portugal
28%
Andorra
26%
Azerbaijan
26%
Botswana
26%
East Timor
26%
Bangladesh
25%
Denmark
25%
Moldova
25%
Mongolia
25%
Papua New Guinea
25%
South Korea
25%
Armenia
24%
Costa Rica
24%
Georgia
24%
Slovakia
24%
Finland
22%
Slovenia
22%
Zimbabwe
22%
Monaco
21%
Norway
19%
Sri Lanka
19%
Lebanon
18%
Tunisia
16%
Liberia
15%
San Marino
13%
Sierra Leone
10%
Guinea-Bissau
3%
No matching quizzes found
Score Distribution
Percent of People with Each Score
Percentile by Number Answered
Your Score History
You have not taken this quiz since the last reset